Brescia Brescia Fut adifiée par les François Senois, dans le tempsque Milan fut fondée par les mémes, en ce temps Rome étoit gouvernée par les Roysqui se la sujettirent, dans la decadance de l'Empire les Lombars s'en emparent, en suitte les Ducs de Milan, aujourdhuy elle est aux Veniciens

Hlavní autor: Nolin, Jean-Baptiste, 1686-1762
Jazyk: Francouzština
Vydáno: [Paris : Nolin, 1701]
Témata:
Externí odkaz: Digitalizovaný dokument
Fyzický popis: 1 mapa : mědirytina, podlepená papírem ; 9,5 x 18,5 cm na listu 25 x 18,5 cm
Mapy
Uloženo v:
LEADER 02444nem a22004812a 4500
001 mzk03001048842
003 CZ BrMZK
005 20130225095533.0
007 aj|aa|||
008 070425s1701 fr ij|||||a|||r|0|||freod
034 0 |a a  |d E0101500  |e E0101500  |f N0453300  |g N0453300 
040 |a BOA001  |b cze 
043 |a e-it--- 
072 7 |a 912:904  |x Staré mapy  |2 Konspekt  |9 7 
080 |a (084.3)  |2 MRF 
080 |a (450)  |2 MRF 
080 |a 912.43:069.5  |2 MRF 
100 1 |a Nolin, Jean-Baptiste,  |d 1686-1762  |7 mzk2008453539  |4 aut 
245 1 0 |a Brescia  |h [kartografický dokument] :  |b Brescia Fut adifiée par les François Senois, dans le tempsque Milan fut fondée par les mémes, en ce temps Rome étoit gouvernée par les Roysqui se la sujettirent, dans la decadance de l'Empire les Lombars s'en emparent, en suitte les Ducs de Milan, aujourdhuy elle est aux Veniciens 
246 3 3 |a Theatre de la Guerre en Italie 
255 |a Měřítko neuvedeno  |c (010°15´00" v.d.--010°15´00" v.d./045°33´00" s.š.--045°33´00" s.š.) 
260 |a [Paris :  |b Nolin,  |c 1701] 
300 |a 1 mapa :  |b mědirytina, podlepená papírem ;  |c 9,5 x 18,5 cm na listu 25 x 18,5 cm 
500 |a Mapa patří k souboru mědirytin "Le Theatre de la Guerre en Italie" uloženému pod signaturami Moll-0002.553 až Moll-0002.568 
500 |a Podlepeno papírem o velikosti 57,5 x 65,5 cm 
500 |a Pohledový plán města s důrazem na jeho opevnění a příjezdové cesty 
500 |a Přívazek 5 k, Milan. Capitale du Duché du même nom et la residance du Gouverneur ... / Jean Baptist François Nolin 
500 |a Výzdoba: U horního okraje nápis, pod plánem název 
510 4 |a Kuchař, K. Mapová sbírka B.P. Molla,  |c s. 729 
655 7 |a historické mapy  |7 fd186723  |2 czenas 
650 0 4 |a Mollova mapová sbírka 
650 0 7 |a mapové sbírky  |z Česko  |7 ph182407  |2 czenas 
610 2 7 |a Moravská zemská knihovna (Brno, Česko).  |b Mapová sbírka B.P. Molla  |7 mzk2005304487  |2 czenas 
651 7 |a Brescia (Itálie)  |7 ge134081  |2 czenas 
856 4 1 |u http://mapy.mzk.cz/mzk03/001/048/842/2619269869_00_06  |y Digitalizovaný dokument 
903 |a RP 
910 |a BOA001  |b Moll-0002.568,přív.5 
978 |b Nolin, Jean Baptiste I  |a Paris  |c 1701 
984 |a Paříž  |b Francie 
985 |a 1701-1750 
990 |a MP 
991 |k mzk 
994 |a UP  |l MZK03  |b 001048833  |m přívazek 5  |n záznam 1. díla (pro objednání pokračujte kliknutím)